Statistiken für Länder mit vier Buchstaben

Klicken Sie hier um das Quiz zu spielen!

Allgemein

  • Dieses Quiz wurde 129 mal gespielt
    (121 seit der letzten Aktualisierung)
  • Das Durchschnittsergebnis liegt bei 6 aus 8

Antwortstatistiken

KontinentLand% Korrekt
South AmericaPeru
94%
AfricaMali
84%
North AmericaKuba
82%
AsiaIrak
79%
AsiaIran
79%
AsiaLaos
76%
AsiaOman
75%
AfricaTogo
75%

Verteilung der Resultate

Perzentil nach korrekt beantworteten Fragen

Anzahl Personen mit jedem Resultat

Ihre Resultats-Entwicklung

Sie haben dieses Quiz seit der letzten Aktualisierung nicht gespielt